000 00256nam a2200097 a 4500
005 20200930073631.0
008 111003s2001 000 spa d
245 0 _aRecopilación historica y estadística.
260 _aSanto Domingo,
_c2001.
999 _c33802
_d33802
040 _aDO-SdBNP